How much you know math Quiz Stats

 Plays Quiz not verified by Sporcle

Challenge
Share
Tweet
Embed
Score 0/15 Timer 05:00
0 Plays Today
Hint Answer % Correct
What is 5+510
100%
What is 3*412
95.7%
What is 9*981
93.6%
What is 9 squared 81
93.6%
What is 5*525
91.5%
What is 4 squared 16
91.5%
What is 7 squared49
91.5%
What is 7*7+2*253
85.1%
Hint Answer % Correct
What is 9*9-3*469
83%
1*2*3*424
83%
5*5*5125
80.9%
What is 2*2*2*2*232
76.6%
What is 12*12/1*272
74.5%
What is 2*24
55.3%
What is 2 squared 4
55.3%

You're not logged in!

Compare scores with friends on all Sporcle quizzes.
Join for Free
OR
Log In

You Might Also Like...

Show Comments

Extras

Created Mar 24, 2015ReportNominate
Tags:Math Quiz, much

Top Quizzes Today


Score Distribution

Your Account Isn't Verified!

In order to create a playlist on Sporcle, you need to verify the email address you used during registration. Go to your Sporcle Settings to finish the process.

Report this User

Report this user for behavior that violates our Community Guidelines.

Details: